| 000 | 00480nam a22001817a 4500 | ||
|---|---|---|---|
| 003 | NUST - PNEC | ||
| 005 | 20170116180925.0 | ||
| 008 | 150905b xxu||||| |||| 00| 0 eng d | ||
| 020 | _a- | ||
| 040 | _cLIBRARY | ||
| 082 | _a621.3 MON | ||
| 100 |
_97971 _aMonk, Sidney Gordon |
||
| 245 |
_aClassified examples in electrical engineering: vol II _cSidney Gordon Monk |
||
| 250 | _a7th ed. | ||
| 260 | _cc.1969 | ||
| 650 |
_97972 _aElectrical engineering _xEE |
||
| 942 |
_2ddc _cBK |
||
| 999 |
_c65737 _d65737 |
||